书目信息 |
| 题名: |
第四豪门
|
|
| 作者: | 欧阳逸飞 编著 | |
| 分册: | ||
| 出版信息: | 北京 新世界出版社 2004.10 |
|
| 页数: | 402页 | |
| 开本: | 21cm | |
| 丛书名: | ||
| 单 册: | ||
| 中图分类: | K825.38 , F279.245 | |
| 科图分类: | ||
| 主题词: | 企业家--生平事迹--中国--现代 , 私营企业--企业管理--经验--中国--现代 | |
| 电子资源: | ||
| ISBN: | 7-80187-390-4 | |
| 000 | 00987nam0 2200277 450 | |
| 001 | 012008903921 | |
| 005 | 20080314135300.79 | |
| 010 | @a7-80187-390-4@dCNY29.80 | |
| 100 | @a20080314d2004 km y0chiy0120 ea | |
| 101 | 0 | @achi |
| 102 | @aCN@b110000 | |
| 105 | @ay z 000yd | |
| 106 | @ar | |
| 200 | 1 | @a第四豪门@Adi si hao men@e鲁冠球及其家族启示录@f欧阳逸飞编著@Fou yang yi fei bian zhu |
| 210 | @a北京@c新世界出版社@d2004.10 | |
| 215 | @a402页@d21cm | |
| 330 | @a本书详细介绍了鲁冠球如何把一个小小的作坊发展成为通用、福特汽车等国际大型企业的合作伙伴,并且一举开创了民营企业收购海外上市公司的先河。 | |
| 517 | 1 | @a鲁冠球及其家族启示录@Alu guan qiu ji qi jia zu qi shi lu |
| 600 | 0 | @a鲁冠球,@f1945-@x生平事迹 |
| 606 | 0 | @a企业家@x生平事迹@y中国@z现代 |
| 606 | 0 | @a私营企业@x企业管理@x经验@y中国@z现代 |
| 690 | @aK825.38@v4 | |
| 690 | @aF279.245@v4 | |
| 701 | 0 | @a欧阳逸飞@Aou yang yi fei@4编著 |
| 801 | 0 | @aCN@bQSSK@c20080314 |
| 905 | @b20283001-03@dK825.38@eL814@f3 | |
| 第四豪门:鲁冠球及其家族启示录/欧阳逸飞编著.-北京:新世界出版社,2004.10 |
| 402页;21cm |
| ISBN 7-80187-390-4:CNY29.80 |
| 本书详细介绍了鲁冠球如何把一个小小的作坊发展成为通用、福特汽车等国际大型企业的合作伙伴,并且一举开创了民营企业收购海外上市公司的先河。 |
| ● |
| 相关链接 |
|
|
|
正题名:第四豪门
索取号:K825.38/L814
 
预约/预借
| 序号 | 登录号 | 条形码 | 馆藏地/架位号 | 状态 | 备注 |
| 1 | 283001 | 202830017 | 社科库309/309社科库 48排6列5层/ [索取号:K825.38/L814] | 在馆 | |
| 2 | 283002 | 202830026 | 社科库309/309社科库 48排6列5层/ [索取号:K825.38/L814] | 在馆 | |
| 3 | 283003 | 202830035 | 社科库309/309社科库 48排6列5层/ [索取号:K825.38/L814] | 在馆 |